| 000 | 02235cam a2200301 i 4500 | ||
|---|---|---|---|
| 001 | 991107471733706196 | ||
| 005 | 20250616104817.0 | ||
| 008 | 240903t20252025enkafo g b 001 0 eng d | ||
| 020 | _a9780241740811 | ||
| 035 |
_a(OCoLC)1493142584 _z(OCoLC)1453336963 |
||
| 035 | _a(OCoLC)on1493142584 | ||
| 040 |
_aUKHUL _beng _erda _cUKHUL _dOCLCO _dYDX _dDHA _dCaOTSTM |
||
| 041 | _aeng | ||
| 050 | 4 |
_aDD256.5 _b.R44 2025 |
|
| 100 |
_aRees, Laurence, _eauthor. _925432 |
||
| 245 | 0 | 4 |
_aThe Nazi mind _b: twelve warnings from history _c/ Laurence Rees. |
| 246 | 3 | 0 | _aTwelve warnings from history. |
| 246 | 3 | 1 | _a12 warnings from history. |
| 264 | 1 |
_aLondon : _bViking Penguin, _c2025. |
|
| 300 |
_ax, 428 pages, 24 unnumbered pages of plates : _billustrations (some colour), photographs ; _c25 cm |
||
| 520 | 8 |
_aHow could the Nazis have committed the crimes they did? Why did commandants of concentration and death camps willingly – often enthusiastically – oversee mass murder? How could ordinary Germans have tolerated the removal of the Jews? In THE NAZI MIND, bestselling author Laurence Rees combines history and the latest research in psychology to help answer some of the most perplexing questions surrounding the Second World War and the Holocaust. Ultimately, he delves into the darkness to explain how and why these people were capable of committing the worst crime in the history of the world. Rees traces the rise and eventual fall of the Nazis through the lens of ‘twelve warnings’ – from talk about ‘them’ and ‘us’ to the escalation of racism – whilst also highlighting signs to look out for in present day leaders. Rees uses previously unpublished testimony from former Nazis and those who grew up in the Nazi system, and in-depth psychological insights including cutting edge work on obedience, authority and the brain. THE NAZI MIND is a revelatory new way of understanding how so many people committed the most appalling crime of the 20th century -- _cprovided by publisher. |
|
| 650 | 0 |
_aNational socialism. _925433 |
|
| 650 | 0 |
_aNational socialism. _xPsychological aspects. |
|
| 650 | 0 |
_aNazis _xPsychology. |
|
| 650 | 0 |
_aNazisme _925434 |
|
| 651 | 0 |
_aGermany _xHistory _y1918-1933. |
|
| 942 | _2lcc | ||
| 999 |
_c4738 _d4738 |
||